Gold Producing Countries - Statistics

General Stats
  • This quiz has been taken 124 times
  • The average score is 9 of 10
Answer Stats
Production
(tonnes)
Country Continent % Correct
220 Canada North America
99%
170 United States North America
99%
330 China Asia
98%
320 Australia Oceania
96%
120 Mexico North America
96%
110 South Africa Africa
95%
320 Russia Asia
90%
100 Peru South America
88%
120 Kazakhstan Asia
79%
100 Uzbekistan Asia
58%
No matching quizzes found
Score Distribution
Percent of People with Each Score
Percentile by Number Answered
Your Score History
You have not taken this quiz